|
|
|
|
| LEADER |
00000naa2a2200000 4500 |
| 001 |
250505 |
| 005 |
20231031213205.0 |
| 035 |
|
|
|a (RuTPU)RU\TPU\book\272710
|
| 035 |
|
|
|a RU\TPU\book\272707
|
| 090 |
|
|
|a 250505
|
| 100 |
|
|
|a 20140213d1989 k y0rusy50 ca
|
| 101 |
0 |
|
|a rus
|
| 102 |
|
|
|a RU
|
| 200 |
1 |
|
|a Электрохимическое разложение труднорастворимых соединений для вольтамперометрического анализа
|f Т. Б. Клюева, Н. М. Мордвинова, Т. И. Хаханина
|
| 463 |
|
0 |
|0 (RuTPU)RU\TPU\book\270153
|t Электрохимические методы анализа
|o тезисы III Всесоюзной конференции по электрохимическим методам анализа
|v С. 112-113
|d 1989
|p 482 с.
|
| 610 |
1 |
|
|a электрохимическое разложение
|
| 610 |
1 |
|
|a труднорастворимые соединения
|
| 610 |
1 |
|
|a вольтамперометрический анализ
|
| 610 |
1 |
|
|a труды учёных ТПУ
|
| 700 |
|
1 |
|a Клюева
|b Т. Б.
|c химик
|c старший научный сотрудник Томского политехнического университета
|f 1951-
|g Татьяна Борисовна
|2 stltpush
|3 (RuTPU)RU\TPU\pers\31826
|
| 701 |
|
1 |
|a Мордвинова
|b Н. М.
|c химик
|c инженер Томского политехнического университета
|f 1949-
|g Нина Михайловна
|2 stltpush
|3 (RuTPU)RU\TPU\pers\31827
|
| 701 |
|
1 |
|a Хаханина
|b Т. И.
|c химик
|c заведующая лабораторией Томского политехнического университета
|f 1951-
|g Татьяна Ивановна
|2 stltpush
|3 (RuTPU)RU\TPU\pers\31828
|
| 801 |
|
1 |
|a RU
|b 63413507
|c 20050601
|g PSBO
|
| 801 |
|
2 |
|a RU
|b 63413507
|c 20140213
|g PSBO
|
| 942 |
|
|
|c BK
|